000 00262 a2200121 4500
001 146475
040 _cEscola São Tomás de Aquino
100 _aZAMBUJAL, Isabel
240 1 0 _aRossini
_lpor
245 1 0 _aRossini
697 _a*LITERATURA INFANTO
942 _cBK
999 _c146475
_d146475